|
|
|
|
| LEADER |
00853nam a2200229 a 4500 |
| 001 |
12874601 |
| 008 |
090714s2002 nyuaf b 001 0beng d |
| 010 |
|
|
|a 2002510042
|
| 020 |
|
|
|a 0312237782
|
| 040 |
|
|
|a BKL
|c BKL
|d DLC
|
| 082 |
0 |
0 |
|a 822/.8
|2 21
|
| 100 |
1 |
|
|a Nadel, Ira Bruce.
|
| 245 |
1 |
0 |
|a Tom Stoppard :
|b a life /
|c Ira Nadel.
|
| 260 |
|
|
|a New York :
|b Palgrave Macmillan,
|c 2002.
|
| 300 |
|
|
|a 621 p., [8] p. of plates :
|b ill. ;
|c 25 cm.
|
| 504 |
|
|
|a Includes bibliographical references (p. 589-592) and index.
|
| 541 |
1 |
|
|e 00016551
|
| 600 |
1 |
0 |
|a Stoppard, Tom.
|
| 650 |
|
0 |
|a Dramatists, English
|y 20th century
|v Biography.
|
| 852 |
4 |
|
|a Ayesha Abed Library
|j General shelf.
|
| 999 |
|
|
|c 2411
|d 2411
|
| 952 |
|
|
|0 0
|1 0
|2 ddc
|4 0
|6 822_800000000000000_NAD
|7 0
|9 2230
|a BRACUL
|b BRACUL
|c GEN
|d 2009-07-14
|l 1
|o 822.8 NAD
|p 3010016551
|r 2017-05-30
|s 2017-05-22
|t 1
|w 2009-07-14
|y BK
|